| 000 | 00427nam a2200169Ia 4500 | ||
|---|---|---|---|
| 005 | 20240823043131.0 | ||
| 008 | 240823s9999||||xx |||||||||||||| ||und|| | ||
| 041 | _aENGLISH | ||
| 082 | _A519 P2 | ||
| 100 | _aSingaravelu A. | ||
| 245 | 0 | _aMA 131 Mathematics -I | |
| 250 | _a1st | ||
| 260 |
_c2002 _b"Meenakshi Agency,Ch" _aChennai |
||
| 500 | _aTRANSFERED | ||
| 650 |
_aEngineering Mathematics _bMathematics |
||
| 942 | _cBK | ||
| 999 |
_c209517 _d209517 |
||